[Event "EYCC 2024 - G14"]
[Site "?"]
[Date "2024.08.29"]
[Round "7.10"]
[White "Briem, Gudrun Fanney"]
[Black "Siskou, Evangelia"]
[Result "1/2-1/2"]
[BlackElo "1932"]
[WhiteElo "1764"]
[LiveChessVersion "1.4.8"]

1. d4 {[%clk 1:30:57]} d5 {[%clk 1:30:52]} 2. Bf4 {[%clk 1:31:18]} Nf6
{[%clk 1:31:14]} 3. e3 {[%clk 1:31:41]} e6 {[%clk 1:31:38]} 4. Nf3
{[%clk 1:32:04]} c5 {[%clk 1:31:58]} 5. Nbd2 {[%clk 1:32:05]} Nc6
{[%clk 1:32:11]} 6. c3 {[%clk 1:32:23]} Bd6 {[%clk 1:32:21]} 7. Ne5
{[%clk 1:30:18]} Qc7 {[%clk 1:32:31]} 8. Ndf3 {[%clk 1:28:38]} Nd7
{[%clk 1:31:57]} 9. Nxd7 {[%clk 1:24:45]} Bxd7 {[%clk 1:30:14]} 10. Bg3
{[%clk 1:21:39]} b6 {[%clk 1:26:41]} 11. Be2 {[%clk 1:16:28]} O-O
{[%clk 1:24:29]} 12. Bxd6 {[%clk 1:15:02]} Qxd6 {[%clk 1:24:57]} 13. O-O
{[%clk 1:15:23]} Rad8 {[%clk 1:09:27]} 14. Qc2 {[%clk 1:08:39]} e5
{[%clk 1:06:23]} 15. dxe5 {[%clk 1:06:16]} Nxe5 {[%clk 1:06:42]} 16. Nxe5
{[%clk 1:06:04]} Qxe5 {[%clk 1:07:10]} 17. Rad1 {[%clk 1:04:46]} Bf5
{[%clk 1:03:24]} 18. Bd3 {[%clk 1:03:28]} Bg4 {[%clk 0:58:54]} 19. Be2
{[%clk 1:00:48]} Bxe2 {[%clk 0:58:17]} 20. Qxe2 {[%clk 1:01:11]} f5
{[%clk 0:55:11]} 21. Qf3 {[%clk 0:56:29]} b5 {[%clk 0:49:46]} 22. Rd2
{[%clk 0:54:26]} Rf6 {[%clk 0:45:39]} 23. g3 {[%clk 0:53:07]} a5 {[%clk 0:43:45]}
24. Rfd1 {[%clk 0:52:21]} Rfd6 {[%clk 0:44:02]} 25. a3 {[%clk 0:51:40]} Qe4
{[%clk 0:37:12]} 26. Kg2 {[%clk 0:38:53]} Kf7 {[%clk 0:35:16]} 27. h3
{[%clk 0:33:59]} Ke6 {[%clk 0:32:11]} 28. g4 {[%clk 0:18:11]} Qxf3+
{[%clk 0:27:01]} 29. Kxf3 {[%clk 0:18:36]} fxg4+ {[%clk 0:27:23]} 30. hxg4
{[%clk 0:18:37]} Ke5 {[%clk 0:27:34]} 31. Rh1 {[%clk 0:12:18]} h6
{[%clk 0:27:13]} 32. Rh5+ {[%clk 0:12:19]} g5 {[%clk 0:26:37]} 33. Ke2
{[%clk 0:03:42]} d4 {[%clk 0:22:38]} 34. cxd4+ {[%clk 0:01:29]} cxd4
{[%clk 0:22:37]} 35. exd4+ {[%clk 0:01:06]} Kf4 {[%clk 0:21:54]} 36. f3
{[%clk 0:00:51]} Kg3 {[%clk 0:20:58]} 37. Rd3 {[%clk 0:00:43]} Kg2
{[%clk 0:18:12]} 38. Rb3 Rxd4 {[%clk 0:17:52]} 39. Rxh6 {[%clk 0:00:51]} a4
{[%clk 0:18:08]} 40. Rc3 {[%clk 0:00:34]} Rd2+ {[%clk 0:18:10]} 41. Ke3
{[%clk 0:00:48]} Rxb2 {[%clk 0:18:32]} 42. Rg6 {[%clk 0:00:33]} Rd5
{[%clk 0:17:27]} 43. Ke4 {[%clk 0:00:54]} Rbd2 {[%clk 0:17:56]} 44. Re6
{[%clk 0:00:39]} Kf2 {[%clk 0:18:03]} 45. Re5 {[%clk 0:00:36]} Rxe5+
{[%clk 0:17:54]} 46. Kxe5 {[%clk 0:01:00]} Rb2 {[%clk 0:18:11]} 47. f4
{[%clk 0:01:02]} Re2+ {[%clk 0:15:45]} 48. Kf5 {[%clk 0:01:24]} gxf4
{[%clk 0:14:23]} 49. Kxf4 {[%clk 0:01:49]} Rb2 {[%clk 0:10:46]} 50. g5
{[%clk 0:01:45]} b4 {[%clk 0:11:12]} 51. Rc4 {[%clk 0:00:42]} bxa3
{[%clk 0:11:21]} 52. Rxa4 {[%clk 0:01:03]} a2 {[%clk 0:11:50]} 53. Kf5
{[%clk 0:01:12]} Ke1 {[%clk 0:11:01]} 54. g6 {[%clk 0:00:51]} Rf2+
{[%clk 0:11:19]} 55. Ke5 {[%clk 0:00:45]} Rg2 {[%clk 0:10:58]} 56. Kf6
{[%clk 0:00:50]} Rf2+ {[%clk 0:11:22]} 57. Ke6 {[%clk 0:01:14]} Rg2
{[%clk 0:11:27]} 58. Kf7 {[%clk 0:01:19]} Rf2+ {[%clk 0:11:51]} 59. Kg8
{[%clk 0:01:29]} Kd1 {[%clk 0:12:11]} 60. g7 {[%clk 0:01:00]} Kc1
{[%clk 0:12:01]} 61. Kh7 {[%clk 0:01:15]} Rh2+ {[%clk 0:12:05]} 62. Kg6
{[%clk 0:01:36]} Rg2+ {[%clk 0:12:29]} 63. Kf7 {[%clk 0:01:43]} Kb1
{[%clk 0:12:06]} 64. g8=Q {[%clk 0:01:54]} Rxg8 {[%clk 0:12:30]} 65. Kxg8
{[%clk 0:02:12]} a1=Q {[%clk 0:12:56]} 66. Rxa1+ {[%clk 0:02:28]} Kxa1
{[%clk 0:13:24]} 1/2-1/2

[Event "EYCC 2024 - G14"]
[Site "?"]
[Date "2024.08.29"]
[Round "7.11"]
[White "Ashton, Alannah"]
[Black "Koghuashvili, Tekla"]
[Result "1-0"]
[BlackElo "1805"]
[WhiteElo "1918"]
[LiveChessVersion "1.4.8"]

1. e4 {[%clk 1:27:00]} c5 {[%clk 1:30:55]} 2. Nf3 {[%clk 1:27:26]} d6
{[%clk 1:31:21]} 3. d4 {[%clk 1:27:48]} cxd4 {[%clk 1:31:45]} 4. Nxd4
{[%clk 1:28:13]} Nf6 {[%clk 1:32:10]} 5. Nc3 {[%clk 1:28:38]} a6 {[%clk 1:32:35]}
6. Bc4 {[%clk 1:29:03]} e5 {[%clk 1:32:31]} 7. Nf5 {[%clk 1:28:37]} Nc6 8. Bg5
{[%clk 1:23:00]} Bxf5 {[%clk 1:20:01]} 9. exf5 {[%clk 1:11:41]} Rc8
{[%clk 1:11:41]} 10. Bb3 {[%clk 1:08:08]} Nd4 {[%clk 1:04:32]} 11. Qd3
{[%clk 1:04:26]} Qd7 {[%clk 1:04:12]} 12. Bxf6 {[%clk 1:03:47]} gxf6
{[%clk 0:58:46]} 13. Nd5 {[%clk 1:01:17]} Qd8 {[%clk 0:45:06]} 14. O-O-O
{[%clk 0:54:14]} Bg7 {[%clk 0:42:51]} 15. Kb1 {[%clk 0:53:18]} O-O
{[%clk 0:32:10]} 16. g4 {[%clk 0:53:18]} b5 17. h4 {[%clk 0:52:09]} Rc5
{[%clk 0:28:48]} 18. g5 {[%clk 0:47:17]} a5 {[%clk 0:27:55]} 19. c3
{[%clk 0:44:10]} Nxb3 {[%clk 0:25:32]} 20. axb3 {[%clk 0:44:34]} Kh8
{[%clk 0:23:54]} 21. Qf3 {[%clk 0:39:47]} a4 {[%clk 0:22:31]} 22. b4
{[%clk 0:36:36]} Rc4 {[%clk 0:22:34]} 23. Qh5 {[%clk 0:34:32]} Re4
{[%clk 0:18:00]} 24. Rdg1 {[%clk 0:31:54]} Rf4 {[%clk 0:13:07]} 25. gxf6
{[%clk 0:30:42]} Bxf6 {[%clk 0:13:26]} 26. Qh6 {[%clk 0:30:12]} Rxh4
{[%clk 0:11:58]} 27. Rxh4 {[%clk 0:30:35]} 1-0

[Event "EYCC 2024 - G14"]
[Site "?"]
[Date "2024.08.29"]
[Round "7.12"]
[White "Halas, Neele Zoe"]
[Black "Zagorac, Lara"]
[Result "1/2-1/2"]
[BlackElo "2012"]
[WhiteElo "1785"]
[LiveChessVersion "1.4.8"]

1. e4 {[%clk 1:30:58]} e5 {[%clk 1:30:45]} 2. Nf3 {[%clk 1:31:20]} Nc6
{[%clk 1:31:01]} 3. Bc4 {[%clk 1:31:42]} Bc5 {[%clk 1:31:17]} 4. c3
{[%clk 1:32:00]} Nf6 {[%clk 1:31:35]} 5. d3 {[%clk 1:32:24]} a5 {[%clk 1:31:19]}
6. a4 {[%clk 1:32:11]} O-O {[%clk 1:29:23]} 7. O-O {[%clk 1:30:03]} Ba7
{[%clk 1:28:19]} 8. Bg5 {[%clk 1:24:27]} h6 {[%clk 1:26:12]} 9. Bh4
{[%clk 1:19:02]} d6 {[%clk 1:25:59]} 10. Nbd2 {[%clk 1:16:18]} Qe7
{[%clk 1:15:09]} 11. Re1 {[%clk 1:11:58]} Be6 {[%clk 1:11:31]} 12. Qb3
{[%clk 1:04:07]} Rab8 {[%clk 1:03:06]} 13. Nf1 {[%clk 0:54:24]} g5
{[%clk 0:58:31]} 14. Bg3 {[%clk 0:52:47]} Nh5 {[%clk 0:52:24]} 15. Ne3
{[%clk 0:42:44]} Bxe3 {[%clk 0:46:22]} 16. Rxe3 {[%clk 0:40:07]} Nf4
{[%clk 0:44:51]} 17. Rd1 {[%clk 0:35:06]} h5 {[%clk 0:40:57]} 18. Bxf4
{[%clk 0:31:51]} exf4 {[%clk 0:31:17]} 19. Ree1 {[%clk 0:31:01]} Bg4
{[%clk 0:31:14]} 20. d4 {[%clk 0:29:45]} Bxf3 {[%clk 0:30:21]} 21. gxf3
{[%clk 0:30:07]} g4 {[%clk 0:29:48]} 22. Qb5 {[%clk 0:29:01]} Qh4
{[%clk 0:20:41]} 23. Qf5 {[%clk 0:29:02]} Ne7 {[%clk 0:20:11]} 24. Qxf4
{[%clk 0:29:13]} Ng6 {[%clk 0:19:27]} 25. Qg3 {[%clk 0:27:04]} Qg5
{[%clk 0:19:18]} 26. Kh1 {[%clk 0:25:03]} Qf6 {[%clk 0:16:13]} 27. fxg4
{[%clk 0:24:37]} h4 {[%clk 0:16:12]} 28. Qe3 {[%clk 0:24:12]} Rbe8
{[%clk 0:14:45]} 29. f3 {[%clk 0:20:35]} Kg7 {[%clk 0:13:33]} 30. Rg1
{[%clk 0:18:40]} h3 {[%clk 0:12:12]} 31. Rg3 {[%clk 0:18:25]} Rh8
{[%clk 0:11:45]} 32. g5 {[%clk 0:16:58]} Qe7 {[%clk 0:11:25]} 33. Bf1
{[%clk 0:14:57]} Qe6 {[%clk 0:10:24]} 34. d5 {[%clk 0:15:00]} Qd7
{[%clk 0:10:03]} 35. Qd4+ {[%clk 0:15:12]} Kg8 {[%clk 0:10:16]} 36. Bb5
{[%clk 0:15:01]} c6 {[%clk 0:10:29]} 37. dxc6 {[%clk 0:14:56]} bxc6
{[%clk 0:10:53]} 38. Bc4 {[%clk 0:15:16]} d5 {[%clk 0:08:27]} 39. exd5
{[%clk 0:15:22]} Rh4 {[%clk 0:08:06]} 40. Rg4 {[%clk 0:14:06]} Qf5
{[%clk 0:07:31]} 41. Qd3 {[%clk 0:12:47]} Qxd3 {[%clk 0:06:06]} 42. Bxd3
{[%clk 0:13:03]} Rxg4 {[%clk 0:06:25]} 43. fxg4 {[%clk 0:13:20]} Nf4
{[%clk 0:06:22]} 44. Kg1 {[%clk 0:10:58]} Nxd5 {[%clk 0:05:52]} 45. Bc4
{[%clk 0:09:33]} Ne3 {[%clk 0:03:23]} 46. Rd4 {[%clk 0:06:37]} Nxc4
{[%clk 0:03:23]} 47. Rxc4 {[%clk 0:07:00]} Re2 {[%clk 0:03:46]} 48. Rxc6
{[%clk 0:05:10]} Rg2+ {[%clk 0:04:01]} 49. Kf1 {[%clk 0:03:06]} Rxb2
{[%clk 0:03:09]} 50. Ra6 {[%clk 0:01:48]} Rxh2 {[%clk 0:03:05]} 51. Kg1
{[%clk 0:02:06]} 1/2-1/2

[Event "EYCC 2024 - G14"]
[Site "?"]
[Date "2024.08.29"]
[Round "7.13"]
[White "Alfano, Emilie"]
[Black "Aldea, Maria-Antonia"]
[Result "1-0"]
[BlackElo "1827"]
[WhiteElo "1990"]
[LiveChessVersion "1.4.8"]

1. e4 {[%clk 1:30:59]} c5 {[%clk 1:30:51]} 2. Nf3 {[%clk 1:31:26]} Nc6
{[%clk 1:31:10]} 3. Bb5 {[%clk 1:31:51]} e6 {[%clk 1:31:34]} 4. Bxc6
{[%clk 1:31:59]} bxc6 {[%clk 1:31:55]} 5. Qe2 {[%clk 1:31:30]} d5
{[%clk 1:29:58]} 6. d3 {[%clk 1:31:30]} Qc7 {[%clk 1:27:40]} 7. O-O
{[%clk 1:27:09]} Nf6 {[%clk 1:27:10]} 8. Nc3 {[%clk 1:23:38]} Be7
{[%clk 1:27:17]} 9. Bg5 {[%clk 1:22:12]} O-O {[%clk 1:26:34]} 10. e5
{[%clk 1:16:31]} Ne8 {[%clk 1:25:44]} 11. Bxe7 {[%clk 1:13:41]} Qxe7
{[%clk 1:26:08]} 12. Na4 {[%clk 1:10:14]} Ba6 {[%clk 1:20:35]} 13. c4
{[%clk 1:05:41]} Bb7 {[%clk 1:17:14]} 14. Rac1 {[%clk 1:01:39]} d4
{[%clk 1:16:34]} 15. Rfe1 {[%clk 1:00:06]} Nc7 {[%clk 1:15:36]} 16. Nd2
{[%clk 0:59:58]} Na6 {[%clk 1:12:57]} 17. Ne4 {[%clk 0:53:30]} f5
{[%clk 1:01:52]} 18. Nd6 {[%clk 0:45:25]} Rab8 {[%clk 1:01:15]} 19. b3
{[%clk 0:45:08]} Bc8 {[%clk 0:56:56]} 20. Qd2 {[%clk 0:38:02]} Qc7
{[%clk 0:57:00]} 21. f4 {[%clk 0:30:37]} Bd7 {[%clk 0:51:39]} 22. Kh1
{[%clk 0:30:55]} Be8 {[%clk 0:44:43]} 23. Rg1 {[%clk 0:29:36]} Kh8
{[%clk 0:41:07]} 24. Rcf1 {[%clk 0:29:31]} Bg6 {[%clk 0:38:48]} 25. h3
{[%clk 0:28:27]} Rbd8 {[%clk 0:37:29]} 26. Qe2 {[%clk 0:27:59]} Rd7
{[%clk 0:34:59]} 27. g4 {[%clk 0:25:40]} Qd8 {[%clk 0:31:39]} 28. Rf2
{[%clk 0:24:35]} Qb8 {[%clk 0:24:51]} 29. g5 {[%clk 0:17:47]} Qd8
{[%clk 0:23:00]} 30. h4 {[%clk 0:18:06]} Qc7 {[%clk 0:22:10]} 31. Rh2
{[%clk 0:17:50]} Kg8 {[%clk 0:21:35]} 32. h5 {[%clk 0:18:12]} Be8
{[%clk 0:22:01]} 33. Qe1 {[%clk 0:17:39]} Rd8 {[%clk 0:21:24]} 34. Qc1
{[%clk 0:17:15]} Rb8 {[%clk 0:20:59]} 35. h6 {[%clk 0:16:13]} g6 {[%clk 0:21:19]}
36. Rb2 {[%clk 0:16:15]} Bd7 {[%clk 0:17:08]} 37. Qd2 {[%clk 0:16:25]} Rfd8
{[%clk 0:15:52]} 38. Rgb1 {[%clk 0:15:24]} Bc8 {[%clk 0:13:23]} 39. Kh2
{[%clk 0:14:55]} Bd7 {[%clk 0:11:53]} 40. a3 {[%clk 0:14:53]} Kf8
{[%clk 0:10:55]} 41. b4 {[%clk 0:14:28]} cxb4 {[%clk 0:10:34]} 42. axb4
{[%clk 0:14:54]} Ra8 {[%clk 0:06:33]} 43. c5 {[%clk 0:13:39]} Qb8
{[%clk 0:05:49]} 44. Qf2 {[%clk 0:13:37]} Nc7 {[%clk 0:06:09]} 45. Qxd4
{[%clk 0:13:49]} Nb5 {[%clk 0:05:10]} 46. Qf2 {[%clk 0:12:41]} Ke7
{[%clk 0:04:21]} 47. Rc1 {[%clk 0:12:01]} Nc7 {[%clk 0:04:23]} 48. Qd4
{[%clk 0:12:03]} Nd5 {[%clk 0:04:26]} 49. b5 {[%clk 0:11:38]} Qc7
{[%clk 0:04:37]} 50. b6 {[%clk 0:10:32]} axb6 {[%clk 0:04:56]} 51. Nxb6
{[%clk 0:10:01]} Ra7 {[%clk 0:03:19]} 52. Nxd5+ {[%clk 0:10:08]} cxd5
{[%clk 0:03:34]} 53. c6 {[%clk 0:10:14]} Ra6 {[%clk 0:03:20]} 54. Qb4
{[%clk 0:09:48]} Qa5 {[%clk 0:02:31]} 55. Nxf5+ {[%clk 0:10:08]} 1-0

[Event "EYCC 2024 - G14"]
[Site "?"]
[Date "2024.08.29"]
[Round "7.14"]
[White "Derlich, Sarah Sima"]
[Black "Oflaz, Fatma Zehra"]
[Result "0-1"]
[BlackElo "1779"]
[WhiteElo "1982"]
[LiveChessVersion "1.4.8"]

1. e4 {[%clk 1:30:58]} e5 {[%clk 1:30:55]} 2. Nf3 {[%clk 1:31:21]} Nc6
{[%clk 1:31:21]} 3. Bc4 {[%clk 1:31:42]} Bc5 {[%clk 1:31:45]} 4. O-O
{[%clk 1:32:03]} Nf6 {[%clk 1:32:11]} 5. d3 {[%clk 1:32:18]} d6 {[%clk 1:32:34]}
6. c3 {[%clk 1:32:41]} a6 {[%clk 1:32:48]} 7. Bb3 {[%clk 1:33:01]} h6
{[%clk 1:33:04]} 8. Nbd2 {[%clk 1:32:21]} O-O {[%clk 1:33:20]} 9. Re1
{[%clk 1:32:31]} Re8 {[%clk 1:33:28]} 10. Nf1 {[%clk 1:32:21]} Be6
{[%clk 1:33:30]} 11. Bc2 {[%clk 1:32:02]} d5 {[%clk 1:29:37]} 12. exd5
{[%clk 1:30:56]} Qxd5 {[%clk 1:28:42]} 13. Ng3 {[%clk 1:06:23]} Rad8
{[%clk 1:15:39]} 14. Be3 {[%clk 0:52:01]} Bg4 {[%clk 1:04:49]} 15. Bxc5
{[%clk 0:49:32]} Qxc5 {[%clk 1:01:43]} 16. h3 {[%clk 0:47:17]} Be6
{[%clk 0:48:42]} 17. Nh4 {[%clk 0:35:50]} Qb5 {[%clk 0:37:42]} 18. Qc1
{[%clk 0:31:16]} Qc5 {[%clk 0:24:32]} 19. a4 {[%clk 0:27:34]} Nd5
{[%clk 0:20:23]} 20. Qd1 {[%clk 0:25:15]} Nf4 {[%clk 0:18:52]} 21. Qf3
{[%clk 0:23:22]} Qd5 {[%clk 0:17:31]} 22. Re4 {[%clk 0:20:49]} Qd7
{[%clk 0:15:49]} 23. Ree1 {[%clk 0:07:14]} g5 {[%clk 0:13:58]} 24. Ne4
{[%clk 0:07:32]} Qe7 {[%clk 0:12:57]} 25. Qg3 {[%clk 0:05:12]} f5
{[%clk 0:11:01]} 26. Nd2 {[%clk 0:05:10]} Nh5 {[%clk 0:08:35]} 27. Qf3
{[%clk 0:01:56]} Qf7 {[%clk 0:09:03]} 28. g4 {[%clk 0:01:19]} fxg4
{[%clk 0:08:39]} 29. hxg4 {[%clk 0:01:37]} Qxf3 {[%clk 0:09:02]} 30. Nhxf3
{[%clk 0:01:37]} Bxg4 {[%clk 0:09:27]} 31. Re3 {[%clk 0:01:30]} Nf4
{[%clk 0:08:54]} 32. Rae1 {[%clk 0:01:25]} Bf5 {[%clk 0:06:58]} 33. Bb3+
{[%clk 0:01:16]} Kf8 {[%clk 0:06:20]} 34. Nxe5 {[%clk 0:00:40]} Nxe5
{[%clk 0:06:28]} 35. Rxe5 {[%clk 0:00:52]} Rxe5 {[%clk 0:06:23]} 36. Rxe5
{[%clk 0:01:20]} Bxd3 {[%clk 0:06:43]} 37. Nf3 {[%clk 0:01:22]} Re8
{[%clk 0:05:49]} 38. Rc5 {[%clk 0:00:57]} Re7 {[%clk 0:01:37]} 39. a5
{[%clk 0:01:12]} c6 {[%clk 0:01:10]} 40. Ne5 {[%clk 0:01:18]} Bb1
{[%clk 0:00:41]} 41. Ng4 {[%clk 0:00:53]} h5 {[%clk 0:00:41]} 42. Nf6
{[%clk 0:00:33]} Kg7 {[%clk 0:00:37]} 43. Nxh5+ {[%clk 0:00:37]} Nxh5
{[%clk 0:01:01]} 44. Rxg5+ {[%clk 0:01:03]} Kh6 {[%clk 0:01:23]} 45. Rc5
{[%clk 0:01:01]} Re1+ {[%clk 0:01:22]} 46. Kg2 {[%clk 0:01:06]} Be4+
{[%clk 0:01:30]} 47. f3 {[%clk 0:00:56]} Re2+ {[%clk 0:01:47]} 48. Kh3
{[%clk 0:00:54]} Bxf3 {[%clk 0:01:37]} 49. Bd1 {[%clk 0:00:51]} Re3
{[%clk 0:01:36]} 50. Bxf3 {[%clk 0:00:45]} Rxf3+ {[%clk 0:02:05]} 51. Kg4
{[%clk 0:00:57]} Rf4+ {[%clk 0:02:10]} 52. Kh3 {[%clk 0:01:25]} Rf2
{[%clk 0:01:58]} 53. b4 {[%clk 0:01:38]} Nf6 {[%clk 0:01:41]} 54. Kg3
{[%clk 0:01:35]} Ne4+ {[%clk 0:02:04]} 0-1

[Event "EYCC 2024 - G14"]
[Site "?"]
[Date "2024.08.29"]
[Round "7.15"]
[White "Wieczorek, Maja"]
[Black "Skramstad, Oda Kofoed"]
[Result "0-1"]
[BlackElo "1980"]
[WhiteElo "1818"]
[LiveChessVersion "1.4.8"]

1. e4 {[%clk 1:30:58]} c5 {[%clk 1:30:39]} 2. Nf3 {[%clk 1:31:23]} Nc6
{[%clk 1:31:04]} 3. d4 {[%clk 1:31:47]} cxd4 {[%clk 1:31:28]} 4. Nxd4
{[%clk 1:32:13]} e5 {[%clk 1:31:18]} 5. Nb5 {[%clk 1:32:29]} d6 {[%clk 1:31:41]}
6. N1c3 {[%clk 1:32:44]} a6 {[%clk 1:31:59]} 7. Na3 {[%clk 1:33:07]} Be6
{[%clk 1:31:29]} 8. Nc4 {[%clk 1:32:21]} Rb8 {[%clk 1:31:46]} 9. Ne3
{[%clk 1:26:36]} g6 {[%clk 1:30:44]} 10. g3 {[%clk 1:25:53]} Bg7 {[%clk 1:28:23]}
11. Bg2 {[%clk 1:24:48]} Nge7 {[%clk 1:24:21]} 12. O-O {[%clk 1:18:15]} O-O
{[%clk 1:22:52]} 13. Ncd5 {[%clk 1:13:42]} b5 {[%clk 1:11:55]} 14. Kh1
{[%clk 1:11:38]} Bxd5 {[%clk 1:09:38]} 15. Nxd5 {[%clk 1:11:12]} Nxd5
{[%clk 1:09:03]} 16. Qxd5 {[%clk 1:05:42]} Rc8 {[%clk 1:04:21]} 17. Bd2
{[%clk 0:44:55]} Qd7 {[%clk 0:58:34]} 18. c3 {[%clk 0:43:35]} Ne7
{[%clk 0:55:51]} 19. Qb3 {[%clk 0:40:25]} Kh8 {[%clk 0:54:36]} 20. Rfd1
{[%clk 0:26:38]} f5 {[%clk 0:50:50]} 21. f4 {[%clk 0:23:17]} fxe4
{[%clk 0:48:38]} 22. Bxe4 {[%clk 0:23:17]} d5 {[%clk 0:48:15]} 23. Be3
{[%clk 0:23:13]} Rc4 {[%clk 0:37:54]} 24. Bg2 {[%clk 0:17:21]} e4
{[%clk 0:36:48]} 25. Bf1 {[%clk 0:14:10]} Qg4 {[%clk 0:32:10]} 26. Bd4
{[%clk 0:08:37]} Bxd4 {[%clk 0:29:00]} 27. cxd4 {[%clk 0:08:16]} Rc7
{[%clk 0:24:38]} 28. Bg2 {[%clk 0:05:25]} Rfc8 {[%clk 0:24:24]} 29. Qa3
{[%clk 0:04:55]} Qe6 {[%clk 0:21:52]} 30. Re1 {[%clk 0:04:19]} Rc2
{[%clk 0:21:30]} 31. b3 {[%clk 0:03:06]} Rxg2 {[%clk 0:19:07]} 32. Kxg2
{[%clk 0:03:13]} Rc2+ {[%clk 0:19:31]} 33. Re2 {[%clk 0:00:59]} Rxe2+
{[%clk 0:19:47]} 34. Kf1 {[%clk 0:01:09]} Rxh2 {[%clk 0:19:35]} 35. Rc1
{[%clk 0:00:41]} Qh3+ {[%clk 0:19:55]} 36. Ke1 {[%clk 0:00:58]} Qxg3+
{[%clk 0:20:18]} 37. Kd1 {[%clk 0:01:19]} Qg1# {[%clk 0:20:40]} 0-1

[Event "EYCC 2024 - G14"]
[Site "?"]
[Date "2024.08.29"]
[Round "7.16"]
[White "Toumpakari, Maria"]
[Black "Trunz, Tamila"]
[Result "1/2-1/2"]
[BlackElo "1962"]
[WhiteElo "1774"]
[LiveChessVersion "1.4.8"]

1. e4 {[%clk 1:30:57]} c5 {[%clk 1:30:48]} 2. Nf3 {[%clk 1:31:21]} e6
{[%clk 1:31:10]} 3. d4 {[%clk 1:31:46]} cxd4 {[%clk 1:31:34]} 4. Nxd4
{[%clk 1:32:09]} Nf6 {[%clk 1:31:43]} 5. Nc3 {[%clk 1:32:33]} Nc6
{[%clk 1:31:58]} 6. Be2 {[%clk 1:32:57]} Bb4 {[%clk 1:31:29]} 7. O-O
{[%clk 1:33:19]} Bxc3 {[%clk 1:30:01]} 8. bxc3 {[%clk 1:33:14]} Nxe4
{[%clk 1:27:26]} 9. Nxc6 {[%clk 1:33:36]} dxc6 {[%clk 1:25:46]} 10. Bd3
{[%clk 1:33:55]} Nc5 {[%clk 1:20:38]} 11. Qg4 {[%clk 1:33:51]} Qf6
{[%clk 1:12:30]} 12. Bg5 {[%clk 1:33:05]} Qxc3 {[%clk 1:09:17]} 13. Rad1
{[%clk 1:32:58]} O-O {[%clk 1:02:33]} 14. Be7 {[%clk 1:10:00]} Re8
{[%clk 0:57:05]} 15. Bxh7+ {[%clk 1:09:40]} Kxh7 {[%clk 0:56:05]} 16. Rd4
{[%clk 1:09:47]} Bd7 {[%clk 0:42:03]} 17. Rc4 {[%clk 0:57:08]} Qd2
{[%clk 0:34:02]} 18. Qh3+ {[%clk 0:46:52]} Kg8 {[%clk 0:31:35]} 19. Rh4
{[%clk 0:46:40]} f6 {[%clk 0:29:49]} 20. Bxc5 {[%clk 0:46:42]} Qg5
{[%clk 0:25:50]} 21. Rh5 {[%clk 0:43:48]} Qg6 {[%clk 0:24:21]} 22. Rd1
{[%clk 0:41:36]} Red8 {[%clk 0:20:33]} 23. Rh4 {[%clk 0:26:20]} b6
{[%clk 0:14:35]} 24. Be7 {[%clk 0:22:10]} Qxc2 {[%clk 0:14:38]} 25. Rhd4
{[%clk 0:22:26]} e5 {[%clk 0:11:46]} 26. Qd3 {[%clk 0:22:52]} Qxd1+
{[%clk 0:10:14]} 27. Qxd1 {[%clk 0:23:15]} exd4 {[%clk 0:10:33]} 28. Bxd8
{[%clk 0:21:23]} Rxd8 {[%clk 0:10:58]} 29. Qxd4 {[%clk 0:21:48]} Kf7
{[%clk 0:10:52]} 30. Qd6 {[%clk 0:21:58]} Ke8 {[%clk 0:09:40]} 31. h4
{[%clk 0:22:09]} c5 {[%clk 0:09:43]} 32. Qd5 {[%clk 0:21:07]} Ke7
{[%clk 0:09:18]} 33. a4 {[%clk 0:18:23]} Be6 {[%clk 0:09:11]} 34. Qe4
{[%clk 0:18:42]} Rd4 {[%clk 0:07:35]} 35. Qb7+ {[%clk 0:18:59]} Rd7
{[%clk 0:08:01]} 36. Qe4 {[%clk 0:19:20]} Rd1+ {[%clk 0:05:22]} 37. Kh2
{[%clk 0:19:43]} Rd4 {[%clk 0:05:14]} 38. Qb7+ {[%clk 0:20:07]} Rd7
{[%clk 0:05:41]} 39. Qe4 {[%clk 0:20:31]} Rc7 {[%clk 0:05:49]} 40. f4
{[%clk 0:20:09]} Kd7 {[%clk 0:05:33]} 41. Qd3+ {[%clk 0:20:02]} Kc8
{[%clk 0:05:23]} 42. h5 {[%clk 0:17:57]} c4 {[%clk 0:05:22]} 43. Qc3
{[%clk 0:18:15]} Rc5 {[%clk 0:04:48]} 44. h6 {[%clk 0:14:58]} Rh5+
{[%clk 0:05:12]} 45. Kg1 {[%clk 0:15:14]} Rxh6 {[%clk 0:05:21]} 46. Qf3
{[%clk 0:14:37]} Kc7 {[%clk 0:03:49]} 47. f5 {[%clk 0:14:19]} Bd7
{[%clk 0:02:08]} 48. Qf4+ {[%clk 0:14:31]} Kd8 {[%clk 0:01:11]} 49. Qxc4
{[%clk 0:14:57]} Rh5 {[%clk 0:01:20]} 1/2-1/2